000 00556nam a2200217Ia 4500
003 OSt
005 20220928150111.0
006 a|||||r|||| 00| 0
007 ta
008 220927b |||||||| |||| 00| 0 eng d
024 _a87671
037 _cTextual
040 _aSDCL
_cSDCL
_beng
041 _2eng
_aeng
082 _aWv5:g(Y15), L9
100 _aOkin Susan Moller
_9471923
245 0 _aWomen in western political thought
260 _c1979
942 _hWv5:g(Y15), L9
_cTEXL
_2CC
999 _c839659
_d839659